[Event "OLNO 1718 SV Empor Berlin - TSG Neurupp"]
[Site "?"]
[Date "2018.04.15"]
[Round "9.4"]
[White "Meissner, Hans-Juergen"]
[Black "Germann, Heike"]
[Result "0-1"]
[WhiteElo "2252"]
[BlackElo "2059"]
[PlyCount "80"]
[EventDate "2018.??.??"]

1. e4 c5 2. Nf3 Nc6 3. Bb5 g6 4. O-O Bg7 5. c3 Nf6 6. Re1 O-O 7. d4 d5 8. e5
Ne4 9. Be3 cxd4 10. cxd4 f6 11. exf6 exf6 12. Bxc6 bxc6 13. Qc1 Qb6 14. Nc3
Nxc3 15. Qxc3 Bd7 16. Bf4 Rfe8 17. Bd6 Qa6 18. a3 Re6 19. Rxe6 Bxe6 20. Re1 Re8
21. Nd2 Bh6 22. Bb4 Bxd2 23. Qxd2 Qc8 24. Qf4 Bf5 25. Rxe8+ Qxe8 26. h3 Qd8 27.
Bc5 a6 28. Qe3 Kf7 29. Qe2 Bc8 30. Qd2 Qe8 31. Qa5 Kg8 32. Qc7 Qd7 33. Qb8 Qe6
34. f3 Kf7 35. Kf2 g5 36. Qb6 Qe8 37. b4 Qe6 38. g4 Qe8 39. Bd6 Qd7 40. Ke3
Qxd6 0-1

[Event "OLNO 1718 SV Empor Berlin - TSG Neurupp"]
[Site "?"]
[Date "2018.04.15"]
[Round "9.5"]
[White "Biemann, Helge"]
[Black "Nitsche-Hahn, Raphael"]
[Result "0-1"]
[WhiteElo "1996"]
[BlackElo "2019"]
[PlyCount "64"]
[EventDate "2018.??.??"]

1. e4 c5 2. c3 Nf6 3. e5 Nd5 4. Nf3 Nc6 5. d4 cxd4 6. cxd4 d6 7. Bc4 e6 8. O-O
Nb6 9. Bd3 Bd7 10. a4 Nb4 11. Be2 Rc8 12. Nc3 N6d5 13. Qb3 Bc6 14. Bd2 dxe5 15.
Nxe5 Be7 16. Nb5 Bxb5 17. axb5 Nc2 18. Rxa7 Nxd4 19. Qd3 Nxe2+ 20. Qxe2 Qc7 21.
Ba5 Qd6 22. Rxb7 O-O 23. Rd7 Qc5 24. b4 Qc3 25. b6 Bxb4 26. Bxb4 Qxb4 27. b7
Rc7 28. Qa6 Rb8 29. Nc6 Rxd7 30. Nxb4 Nxb4 31. Rc1 Nxa6 32. Rc8+ Rd8 0-1

[Event "OLNO 1718 SV Empor Berlin - TSG Neurupp"]
[Site "?"]
[Date "2018.04.15"]
[Round "9.6"]
[White "Welz, Peter"]
[Black "Schuckar, Donald"]
[Result "0-1"]
[WhiteElo "1999"]
[BlackElo "1976"]
[PlyCount "74"]
[EventDate "2018.??.??"]

1. e4 d6 2. d4 g6 3. f4 f5 4. e5 e6 5. Nf3 d5 6. Be2 Nh6 7. O-O Nf7 8. c3 Be7
9. a4 g5 10. fxg5 Nxg5 11. Bb5+ c6 12. Nxg5 cxb5 13. Qh5+ Kd7 14. axb5 Kc7 15.
Bf4 h6 16. Nh3 Bd7 17. Qe2 Qe8 18. c4 Kd8 19. b3 b6 20. Nc3 Bb4 21. Na4 Kc7 22.
Rfc1 Kb7 23. Rc2 a6 24. Nb2 axb5 25. Rxa8 Kxa8 26. cxd5 exd5 27. Nd3 Qe7 28.
Rc7 Na6 29. Qa2 Ba5 30. Rxd7 Qxd7 31. b4 Qc6 32. bxa5 Qc4 33. Qb1 bxa5 34. Be3
a4 35. Nhf4 a3 36. Nc1 Qc3 37. Qd3 Qe1+ 0-1

[Event "OLNO 1718 SV Empor Berlin - TSG Neurupp"]
[Site "?"]
[Date "2018.04.15"]
[Round "9.7"]
[White "Neumann, Karsten"]
[Black "Silz, Elisa"]
[Result "1/2-1/2"]
[WhiteElo "1780"]
[BlackElo "1997"]
[PlyCount "137"]
[EventDate "2018.??.??"]

1. d4 Nf6 2. c4 g6 3. Nc3 Bg7 4. Nf3 O-O 5. Bg5 d6 6. Qd2 c5 7. Bh6 Nc6 8. d5
Nd4 9. Bxg7 Nxf3+ 10. exf3 Kxg7 11. Bd3 Bd7 12. O-O a6 13. Rfe1 e6 14. dxe6
Bxe6 15. b3 d5 16. cxd5 Bxd5 17. Rad1 Be6 18. Qb2 Nd7 19. Be4 Rb8 20. Bd5 Bxd5
21. Rxd5 Re8 22. Red1 Qe7 23. Ne4+ Nf6 24. Rxc5 Rbd8 25. Rcd5 Rxd5 26. Rxd5 Kf8
27. g3 Ng8 28. Qd4 b5 29. Rd7 Qe5 30. Qa7 Nh6 31. Qxa6 Qf5 32. Qd6+ Kg7 33.
Qd4+ Kf8 34. Kg2 Qe6 35. Ng5 Qe5 36. Qb4+ Kg8 37. Ne4 Nf5 38. Rd5 Qb2 39. Rd2
Qe5 40. Qc3 Qxc3 41. Nxc3 b4 42. Ne4 Rc8 43. Kf1 Kf8 44. Ke2 Ke7 45. Kd1 h5 46.
Rd5 Ra8 47. Rd2 Rc8 48. h4 f6 49. Rc2 Ra8 50. Nc5 Nd4 51. Rd2 Nxf3 52. Re2+ Kf7
53. Nd3 Rd8 54. Re3 Ne5 55. Kc2 Ng4 56. Rf3 Rc8+ 57. Kb2 Rc3 58. a4 Nxf2 59.
Rxf2 Rxd3 60. a5 Rd5 61. a6 Ra5 62. Rf4 Rxa6 63. Rxb4 g5 64. Kc3 Ra5 65. Rd4
Ke6 66. Kc4 gxh4 67. Rxh4 Rg5 68. b4 Rxg3 69. Rxh5 1/2-1/2

[Event "OLNO 1718 SC Weisse Dame - SK König Te"]
[Site "?"]
[Date "2018.04.15"]
[Round "9.1"]
[White "Berger, Steve"]
[Black "Waldmann, Hans-Joachim"]
[Result "1/2-1/2"]
[WhiteElo "2432"]
[BlackElo "2290"]
[PlyCount "205"]
[EventDate "2018.??.??"]

1. e4 c5 2. Nc3 d6 3. f4 a6 4. Nf3 Nf6 5. e5 dxe5 6. fxe5 Nd5 7. Ne4 e6 8. c3
Nc6 9. d3 Be7 10. g3 O-O 11. Bg2 b5 12. O-O Ra7 13. Qe2 Rd7 14. Bg5 Qc7 15.
Bxe7 Ncxe7 16. Qf2 c4 17. d4 Nf5 18. Rae1 b4 19. g4 Nfe7 20. Nfg5 Ng6 21. Nc5
Rdd8 22. Be4 Qe7 23. h4 h6 24. Nf3 bxc3 25. h5 Ngf4 26. Kh2 cxb2 27. Qxb2 f6
28. Bb1 fxe5 29. Qc2 g6 30. Rxe5 gxh5 31. g5 Rf5 32. Rfe1 Rdf8 33. Rxf5 Rxf5
34. Qxc4 Rf8 35. Re5 Kh8 36. Qc2 Rg8 37. Qe4 hxg5 38. Rxg5 Rxg5 39. Nxg5 Qc7
40. Qe5+ Qxe5 41. dxe5 Nc3 42. Bc2 Kg7 43. Kg3 Nfe2+ 44. Kh4 Nxa2 45. Ncxe6+
Bxe6 46. Nxe6+ Kf7 47. Bb3 Nec1 48. Bc4 Nb4 49. Kg5 Ke7 50. Nd4 Ncd3 51. Nf5+
Ke8 52. Kf6 Nxe5 53. Kxe5 Kd7 54. Bf7 Kc6 55. Kd4 Kb6 56. Bxh5 Nc6+ 57. Kc4
Ne5+ 58. Kd5 Nc6 59. Be8 Nb4+ 60. Kc4 Nc6 61. Ne3 Na7 62. Kb4 Nc6+ 63. Kc4 Na7
64. Kd5 Nb5 65. Nc4+ Kb7 66. Kc5 Kc7 67. Bc6 Nd4 68. Bd5 Nb5 69. Bf3 Kd7 70.
Kb6 Nd6 71. Na5 Ke6 72. Kxa6 Ke5 73. Kb6 Nf5 74. Kc5 Ng7 75. Nc4+ Kf4 76. Bc6
Nf5 77. Bd7 Ne3 78. Nb2 Ke4 79. Bc6+ Ke5 80. Nd3+ Kf5 81. Kd4 Nc2+ 82. Kc4 Ne3+
83. Kc5 Nc2 84. Bb7 Ne3 85. Bc6 Nc2 86. Ba4 Ne3 87. Kd4 Nf1 88. Bd7+ Kf6 89.
Nb4 Kg5 90. Ke5 Nh2 91. Nd5 Ng4+ 92. Ke6 Nf2 93. Bb5 Ng4 94. Bd3 Nf2 95. Bf5
Ng4 96. Bc2 Nf2 97. Nb6 Kf4 98. Kd5 Kg5 99. Kd4 Ng4 100. Nd7 Kf4 101. Nf8 Kg5
102. Nh7+ Kf4 103. Nf8 1/2-1/2

[Event "OLNO 1718 SC Weisse Dame - SK König Te"]
[Site "?"]
[Date "2018.04.15"]
[Round "9.2"]
[White "Moeller, Hendrik"]
[Black "Breier, Andreas"]
[Result "1-0"]
[WhiteElo "2273"]
[BlackElo "2375"]
[PlyCount "95"]
[EventDate "2018.??.??"]

1. c4 e6 2. g3 d5 3. Bg2 c6 4. Nf3 Nf6 5. O-O Be7 6. b3 O-O 7. Bb2 a5 8. a3
Nbd7 9. d3 Re8 10. Qc2 Bf8 11. e4 dxe4 12. dxe4 e5 13. Nbd2 Qc7 14. Bc3 b5 15.
Rfc1 Bb7 16. cxb5 cxb5 17. Qd3 Qb6 18. b4 Bc6 19. Qe2 Qb7 20. Ne1 axb4 21. axb4
Ra4 22. Nd3 Rea8 23. Rab1 Bd6 24. g4 h6 25. h4 Nh7 26. Nb3 Nhf8 27. Na5 R8xa5
28. bxa5 Bxe4 29. Ne1 Bxg2 30. Nxg2 Nf6 31. Qxb5 Qe4 32. g5 hxg5 33. hxg5 N6h7
34. Bd2 Qg4 35. a6 Rd4 36. Be3 Nxg5 37. Bxg5 Qxg5 38. a7 Qh6 39. a8=Q e4 40.
Qf5 g6 41. Qfxe4 Qh2+ 42. Kf1 Rxe4 43. Qxe4 Qh1+ 44. Ke2 Qh5+ 45. Qf3 Qe5+ 46.
Kf1 Ne6 47. Re1 Qh2 48. Rxe6 1-0

[Event "OLNO 1718 SC Weisse Dame - SK König Te"]
[Site "?"]
[Date "2018.04.15"]
[Round "9.3"]
[White "Giemsa, Stephan"]
[Black "Uhl, Heinz"]
[Result "1-0"]
[WhiteElo "2281"]
[BlackElo "2151"]
[PlyCount "91"]
[EventDate "2018.??.??"]

1. d4 Nf6 2. c4 e6 3. g3 c5 4. d5 exd5 5. cxd5 d6 6. Nc3 g6 7. Bg2 Bg7 8. Nf3
O-O 9. O-O a6 10. a4 Nbd7 11. Nd2 Qc7 12. Nc4 Nb6 13. Na3 Bd7 14. a5 Nc8 15.
Nc4 Ng4 16. h3 Ne5 17. Nxe5 Bxe5 18. Bh6 Re8 19. Kh2 Bb5 20. Re1 Ne7 21. e4 f6
22. Be3 f5 23. f4 Bxc3 24. bxc3 fxe4 25. Bxe4 h5 26. g4 hxg4 27. hxg4 Nf5 28.
Bf2 Qh7+ 29. Kg1 Nh6 30. Bf3 Qf7 31. Qd2 Kg7 32. Be3 Rh8 33. c4 Bd7 34. Qb2+
Kg8 35. Qg2 Re8 36. Qg3 Qg7 37. Rac1 Qb2 38. Bf2 Kf7 39. f5 gxf5 40. Qxd6 Ba4
41. Rb1 Rxe1+ 42. Rxe1 Qf6 43. Re6 Qg5 44. Be3 Qh4 45. Qc7+ Kg8 46. Rg6+ 1-0

[Event "OLNO 1718 SC Weisse Dame - SK König Te"]
[Site "?"]
[Date "2018.04.15"]
[Round "9.4"]
[White "Abraham, Ingo"]
[Black "Lorenz, Sascha"]
[Result "1/2-1/2"]
[WhiteElo "2216"]
[BlackElo "2229"]
[PlyCount "72"]
[EventDate "2018.??.??"]

1. Nf3 d5 2. c4 d4 3. g3 Nc6 4. Bg2 e5 5. O-O e4 6. Ne1 h5 7. d3 h4 8. dxe4
hxg3 9. hxg3 Be6 10. Nd3 g5 11. Nd2 Qd7 12. Re1 f6 13. f3 Bd6 14. Kf2 O-O-O 15.
c5 Be7 16. b4 Ne5 17. a4 Nh6 18. Nxe5 fxe5 19. Rh1 Rdf8 20. Kg1 a5 21. Ba3 d3
22. e3 axb4 23. Bxb4 Qc6 24. Nb3 Qa6 25. Nd2 Nf7 26. Qb1 Rxh1+ 27. Bxh1 Nd8 28.
Bg2 Nc6 29. Ba3 Qa5 30. Qc1 Kb8 31. g4 Qxa4 32. Qc3 Rd8 33. Bf1 Qb5 34. Rb1 Qa6
35. Ra1 Qb5 36. Rb1 Qa6 1/2-1/2

[Event "OLNO 1718 SC Weisse Dame - SK König Te"]
[Site "?"]
[Date "2018.04.15"]
[Round "9.5"]
[White "Dimitrijeski, Kristian"]
[Black "Venske, Kai-Gerrit"]
[Result "1/2-1/2"]
[WhiteElo "2184"]
[BlackElo "2183"]
[PlyCount "161"]
[EventDate "2018.??.??"]

1. d4 f5 2. g3 Nf6 3. Bg2 g6 4. Nh3 Bg7 5. Nf4 Nc6 6. O-O O-O 7. Nc3 e5 8. dxe5
Nxe5 9. Be3 d6 10. Nfd5 c6 11. Nxf6+ Qxf6 12. Bd4 Nf3+ 13. Bxf3 Qxd4 14. Qxd4
Bxd4 15. Rfd1 Be5 16. e3 Be6 17. Ne2 Rad8 18. c3 g5 19. Nd4 Bc8 20. Bg2 f4 21.
exf4 gxf4 22. Re1 h5 23. Nf3 fxg3 24. hxg3 Bf6 25. Re3 Rfe8 26. Rae1 Rxe3 27.
Rxe3 Kf7 28. Kf1 a5 29. a3 Be6 30. Nd4 Bxd4 31. cxd4 Bc4+ 32. Kg1 Rh8 33. Re4
Bd5 34. Rf4+ Ke6 35. Bh3+ Ke7 36. Bf1 b5 37. Be2 b4 38. axb4 axb4 39. Rh4 Ra8
40. f4 Ra2 41. Rxh5 Rxb2 42. Rh7+ Kd8 43. Kf1 b3 44. Bd3 Rd2 45. Bf5 Rxd4 46.
Rd7+ Ke8 47. Rb7 c5 48. Rb8+ Ke7 49. Ke2 c4 50. Rb4 Kf6 51. Bh7 Be6 52. Ke3 Rd1
53. g4 Bxg4 54. Rxc4 Bf5 55. Bxf5 Kxf5 56. Rb4 Rh1 57. Rb5+ Kf6 58. Kd4 Rh3 59.
Kc4 Ke6 60. Rxb3 d5+ 61. Kb4 Rh4 62. Rf3 Kf5 63. Kc3 Ke4 64. Rd3 Rh5 65. Rd4+
Ke3 66. Rd3+ Ke4 67. Rd4+ Ke3 68. Rd3+ Kxf4 69. Kd2 Rh2+ 70. Kd1 Ke4 71. Rb3
Rg2 72. Ra3 Rf2 73. Rb3 d4 74. Ra3 Rh2 75. Rb3 Kd5 76. Ra3 Rg2 77. Rh3 Ra2 78.
Rg3 Kc4 79. Rh3 Rg2 80. Rf3 d3 81. Rf8 1/2-1/2

[Event "OLNO 1718 SC Weisse Dame - SK König Te"]
[Site "?"]
[Date "2018.04.15"]
[Round "9.6"]
[White "Kaiser, Martin"]
[Black "Anibar, Ahmed"]
[Result "1-0"]
[WhiteElo "2130"]
[BlackElo "2282"]
[PlyCount "83"]
[EventDate "2018.??.??"]

1. e4 c5 2. c3 d5 3. exd5 Qxd5 4. d4 g6 5. Nf3 Bg7 6. Be3 Nh6 7. dxc5 Qxd1+ 8.
Kxd1 Ng4 9. Nbd2 Nxe3+ 10. fxe3 O-O 11. Kc2 Nd7 12. Nb3 Nf6 13. Re1 Bd7 14. Ne5
Ba4 15. Nd3 Bc6 16. Nf2 a5 17. Nd4 Ba4+ 18. b3 Bd7 19. Bc4 Rfc8 20. Nd3 e6 21.
e4 Ng4 22. c6 bxc6 23. Nc5 Be8 24. Ndxe6 Bh6 25. Nd4 Ne3+ 26. Rxe3 Bxe3 27. Rf1
Rd8 28. Kd3 Bg5 29. e5 Be7 30. e6 Bxc5 31. exf7+ Bxf7 32. Rxf7 Kh8 33. Rc7 Rd6
34. Rxc6 Rxc6 35. Nxc6 Bb6 36. Bd5 Kg7 37. Kc4 Kf6 38. Kb5 Bc7 39. h3 Kg5 40.
a4 Kh4 41. b4 axb4 42. cxb4 1-0

[Event "OLNO 1718 SC Weisse Dame - SK König Te"]
[Site "?"]
[Date "2018.04.15"]
[Round "9.7"]
[White "Niehaus, Frank"]
[Black "Mohrmann, Ralf"]
[Result "1-0"]
[WhiteElo "2189"]
[BlackElo "2074"]
[PlyCount "35"]
[EventDate "2018.??.??"]

1. d4 Nf6 2. Bg5 Ne4 3. h4 d5 4. Nd2 Bf5 5. Nxe4 Bxe4 6. Qd2 h6 7. Bf4 e6 8.
O-O-O c5 9. f3 Bh7 10. e4 dxe4 11. Bxb8 Rxb8 12. Bb5+ Ke7 13. Qc3 Qb6 14. a4
cxd4 15. Rxd4 Rd8 16. Rc4 Rd5 17. Rc7+ Kd6 18. Rd7# 1-0

[Event "OLNO 1718 SC Weisse Dame - SK König Te"]
[Site "?"]
[Date "2018.04.15"]
[Round "9.8"]
[White "Lenhardt, Manfred"]
[Black "Jaeger, Tobias"]
[Result "1/2-1/2"]
[WhiteElo "2057"]
[BlackElo "2116"]
[PlyCount "101"]
[EventDate "2018.??.??"]

1. d4 Nf6 2. Nf3 d5 3. g3 g6 4. Bg2 Bg7 5. O-O O-O 6. c4 c6 7. Na3 Bf5 8. Bf4
Be4 9. Qd2 Re8 10. Rfd1 Nbd7 11. Rac1 Nf8 12. Be5 h6 13. h4 N8d7 14. Bf4 Kh7
15. Ne5 Nxe5 16. dxe5 Nh5 17. cxd5 cxd5 18. Bxe4 dxe4 19. Qxd8 Raxd8 20. Rxd8
Rxd8 21. Rc7 Nxf4 22. gxf4 Rd2 23. Rxb7 g5 24. hxg5 hxg5 25. fxg5 Rxe2 26. Nc4
Rc2 27. Ne3 Rd2 28. a4 Bxe5 29. Rxe7 Bxb2 30. Rxf7+ Kg6 31. Rxa7 Kxg5 32. Ra5+
Kg6 33. Kg2 Bd4 34. Kg3 Ra2 35. Ra6+ Kg5 36. Ra5+ Kg6 37. Ng4 Kf7 38. Ra6 Ke7
39. a5 Kd7 40. Ra8 Ra3+ 41. Kf4 Bxf2 42. Ne5+ Kc7 43. Kxe4 Kb7 44. Rf8 Ra2 45.
Nc4 Be1 46. Kd5 Bxa5 47. Nd6+ Kc7 48. Rf7+ Kd8 49. Nb7+ Ke8 50. Nd6+ Kd8 51.
Nb7+ 1/2-1/2

[Event "OLNO 1718 TSG Oberschöneweide - TuS Ma"]
[Site "?"]
[Date "2018.04.15"]
[Round "9.1"]
[White "Sawlin, Leonid"]
[Black "Rosenthal, Dirk"]
[Result "1/2-1/2"]
[WhiteElo "2359"]
[BlackElo "2411"]
[PlyCount "20"]
[EventDate "2018.??.??"]

1. e4 g6 2. d4 Bg7 3. Nc3 d6 4. Be3 Nd7 5. Qd2 c6 6. a4 Ngf6 7. h3 O-O 8. Nf3
e5 9. dxe5 dxe5 10. Bc4 Qe7 1/2-1/2

[Event "OLNO 1718 TSG Oberschöneweide - TuS Ma"]
[Site "?"]
[Date "2018.04.15"]
[Round "9.2"]
[White "Schoewel, Matthias"]
[Black "Kiesekamp, Marcos"]
[Result "1/2-1/2"]
[WhiteElo "2241"]
[BlackElo "2306"]
[PlyCount "26"]
[EventDate "2018.??.??"]

1. e4 e5 2. Nf3 Nc6 3. Bc4 Nf6 4. d4 exd4 5. e5 d5 6. Bb5 Ne4 7. Nxd4 Bd7 8.
Nxc6 Bxc6 9. Bxc6+ bxc6 10. O-O Bc5 11. Nd2 Qh4 12. g3 Nxg3 13. hxg3 Qxg3+
1/2-1/2

[Event "OLNO 1718 TSG Oberschöneweide - TuS Ma"]
[Site "?"]
[Date "2018.04.15"]
[Round "9.3"]
[White "Gazmaga, Stefan"]
[Black "Horn, Sven"]
[Result "1/2-1/2"]
[WhiteElo "2146"]
[BlackElo "2137"]
[PlyCount "22"]
[EventDate "2018.??.??"]

1. e4 e5 2. Nf3 Nf6 3. d3 Nc6 4. Be2 d6 5. O-O Be7 6. Nbd2 O-O 7. c3 Re8 8. Re1
d5 9. Qc2 dxe4 10. dxe4 a6 11. a4 Bc5 1/2-1/2

[Event "OLNO 1718 TSG Oberschöneweide - TuS Ma"]
[Site "?"]
[Date "2018.04.15"]
[Round "9.4"]
[White "Postler, Reinhard"]
[Black "Krefenstein, Sergej"]
[Result "1/2-1/2"]
[WhiteElo "2246"]
[BlackElo "2144"]
[PlyCount "21"]
[EventDate "2018.??.??"]

1. e4 c5 2. Nf3 d6 3. d4 cxd4 4. Nxd4 Nf6 5. Nc3 e6 6. Be2 Nc6 7. Be3 a6 8. f4
Qc7 9. O-O b5 10. Nxc6 Qxc6 11. Bf3 1/2-1/2

[Event "OLNO 1718 TSG Oberschöneweide - TuS Ma"]
[Site "?"]
[Date "2018.04.15"]
[Round "9.5"]
[White "Sawlin, Michail"]
[Black "Syre, Christian"]
[Result "1/2-1/2"]
[WhiteElo "2190"]
[BlackElo "2178"]
[PlyCount "24"]
[EventDate "2018.??.??"]

1. e4 c5 2. Nf3 g6 3. d4 cxd4 4. Nxd4 Bg7 5. c4 Nc6 6. Be3 Nf6 7. Nc3 O-O 8.
Be2 d6 9. O-O Bd7 10. h3 Nxd4 11. Bxd4 Bc6 12. Qd3 Nd7 1/2-1/2

[Event "OLNO 1718 TSG Oberschöneweide - TuS Ma"]
[Site "?"]
[Date "2018.04.15"]
[Round "9.6"]
[White "Jauk, Wilhelm"]
[Black "Emig, Edgar"]
[Result "1/2-1/2"]
[WhiteElo "2119"]
[BlackElo "2137"]
[PlyCount "30"]
[EventDate "2018.??.??"]

1. d4 d5 2. c4 e6 3. Nc3 Nf6 4. Bg5 Nbd7 5. e3 c6 6. Nf3 Qa5 7. Bxf6 Nxf6 8.
Qc2 Bb4 9. Nd2 O-O 10. Bd3 h6 11. O-O a6 12. Rac1 Re8 13. a3 Bxc3 14. Qxc3 Qxc3
15. Rxc3 e5 1/2-1/2

[Event "OLNO 1718 TSG Oberschöneweide - TuS Ma"]
[Site "?"]
[Date "2018.04.15"]
[Round "9.8"]
[White "Wiedersich, Jens"]
[Black "Schmidt, Jevgen"]
[Result "1/2-1/2"]
[WhiteElo "2097"]
[BlackElo "1822"]
[PlyCount "40"]
[EventDate "2018.??.??"]

1. d4 d5 2. c4 e6 3. Nf3 Nf6 4. g3 Bb4+ 5. Bd2 Bxd2+ 6. Nbxd2 O-O 7. Bg2 b6 8.
Ne5 Bb7 9. O-O Nc6 10. Nxc6 Bxc6 11. Rc1 Rc8 12. b4 Be8 13. c5 c6 14. a3 Qe7
15. e4 Nd7 16. Re1 Qd8 17. Rc3 bxc5 18. bxc5 Qa5 19. Qc2 f6 20. exd5 exd5
1/2-1/2

[Event "OLNO 1718 SC Rotation Pankow - LOK RAW"]
[Site "?"]
[Date "2018.04.15"]
[Round "9.1"]
[White "Kapp, Martin"]
[Black "Rietze, Clemens"]
[Result "0-1"]
[WhiteElo "2225"]
[BlackElo "2345"]
[PlyCount "98"]
[EventDate "2018.??.??"]

1. d4 Nf6 2. c4 e6 3. Nc3 Bb4 4. e3 O-O 5. Bd3 c5 6. Nf3 d5 7. O-O dxc4 8. Bxc4
Nc6 9. Bd3 Qe7 10. Ne4 Nxe4 11. Bxe4 f5 12. Bxc6 bxc6 13. a3 Ba5 14. Qa4 Bb6
15. Rd1 Bb7 16. dxc5 Bxc5 17. b4 Bb6 18. Bb2 Rfd8 19. Qb3 c5 20. bxc5 Bxc5 21.
Rac1 Bd5 22. Qb5 Bxa3 23. Bxa3 Qxa3 24. Rc7 Qb3 25. Qxb3 Bxb3 26. Rb1 Bd5 27.
Nd4 a5 28. f3 a4 29. g4 a3 30. gxf5 a2 31. Ra1 Rdb8 32. Rcc1 exf5 33. Kf2 Rb2+
34. Kg3 g6 35. h4 Bf7 36. h5 Kg7 37. Kf4 Rab8 38. Nc6 Rc8 39. h6+ Kxh6 40. Ne5
Rxc1 41. Nxf7+ Kg7 42. Rxc1 Rb1 43. Rc7 a1=Q 44. Ng5+ Kf8 45. Ne6+ Kg8 46. Kg5
Rb8 47. Kh6 Qh1+ 48. Kg5 Qh5+ 49. Kf6 Qh4+ 0-1

[Event "OLNO 1718 SC Rotation Pankow - LOK RAW"]
[Site "?"]
[Date "2018.04.15"]
[Round "9.2"]
[White "Neumeier, Lars"]
[Black "Manigk, Sebastian"]
[Result "0-1"]
[WhiteElo "2333"]
[BlackElo "2236"]
[PlyCount "120"]
[EventDate "2018.??.??"]

1. Nf3 d5 2. c4 d4 3. e3 Nc6 4. exd4 Nxd4 5. Nxd4 Qxd4 6. d3 Nh6 7. Nc3 c6 8.
Be3 Qd8 9. d4 Nf5 10. Qd2 Nxe3 11. Qxe3 Bf5 12. Be2 e6 13. O-O-O Bd6 14. f4 Qc7
15. Rhf1 h5 16. d5 cxd5 17. Nb5 Qc5 18. Nxd6+ Qxd6 19. Rxd5 Qe7 20. Rd4 Qf6 21.
Qe5 Qxe5 22. fxe5 Rd8 23. Rfd1 Rxd4 24. Rxd4 Ke7 25. b4 b6 26. Kd2 f6 27. exf6+
gxf6 28. Kc3 Rg8 29. Bf3 Bg4 30. c5 e5 31. Rd2 Rc8 32. Kc4 Be6+ 33. Kb5 bxc5
34. bxc5 h4 35. Bb7 Rd8 36. Rf2 Rd3 37. a4 Rc3 38. Rd2 f5 39. c6 e4 40. Kb4
Rc4+ 41. Ka5 e3 42. Re2 Rc3 43. g3 Kd6 44. Re1 Bd5 45. Kb5 Rb3+ 46. Ka6 Bxc6
47. Bc8 Ke5 48. Kxa7 Bxa4 49. Bb7 hxg3 50. hxg3 Bd7 51. Bf3 Kd4 52. Rd1+ Rd3
53. Rb1 Be6 54. Rb4+ Kc3 55. Rb6 Bd5 56. Bh5 Rd2 57. Rb5 Be4 58. Rc5+ Kd4 59.
Rc1 e2 60. g4 Rd1 0-1

[Event "OLNO 1718 SC Rotation Pankow - LOK RAW"]
[Site "?"]
[Date "2018.04.15"]
[Round "9.3"]
[White "Pfeffer, Ruprecht"]
[Black "Guth, Thomas"]
[Result "1/2-1/2"]
[WhiteElo "2245"]
[BlackElo "2303"]
[PlyCount "87"]
[EventDate "2018.??.??"]

1. Nf3 e6 2. g3 b6 3. Bg2 Bb7 4. O-O c5 5. b3 Nf6 6. Bb2 Be7 7. c4 d6 8. Nc3 a6
9. d4 cxd4 10. Qxd4 Nbd7 11. Rfd1 Qc7 12. Rac1 Rc8 13. Ng5 Bxg2 14. Kxg2 Nc5
15. Kg1 O-O 16. Nge4 Rfd8 17. b4 Ncxe4 18. Nxe4 Qc6 19. Nd2 Qb7 20. Nf1 d5 21.
Qf4 dxc4 22. Rxd8+ Rxd8 23. Qxc4 b5 24. Qc6 Qxc6 25. Rxc6 Ra8 26. a3 h6 27. Kg2
a5 28. Rb6 axb4 29. axb4 Nd5 30. Rxb5 Ra2 31. Bd4 Nxb4 32. Rb8+ Kh7 33. Rb7 Nc6
34. Rb2 Ra4 35. Be3 Bf6 36. Rc2 Ne7 37. Nd2 Nd5 38. Bc5 Nc3 39. Nf3 Ne4 40. Be3
g6 41. Nd2 Nc3 42. Nb3 Nd5 43. Bd2 Be7 44. Nc5 1/2-1/2

[Event "OLNO 1718 SC Rotation Pankow - LOK RAW"]
[Site "?"]
[Date "2018.04.15"]
[Round "9.4"]
[White "Dauth, Benjamin"]
[Black "Franzke, Alexander"]
[Result "1-0"]
[WhiteElo "2325"]
[BlackElo "2032"]
[PlyCount "69"]
[EventDate "2018.??.??"]

1. e4 c5 2. c3 g6 3. d4 cxd4 4. cxd4 d5 5. e5 Bg7 6. Nc3 e6 7. Bd3 Nc6 8. Nge2
Nge7 9. g4 h6 10. g5 Bd7 11. Be3 a6 12. h4 Nb4 13. Bb1 Bb5 14. Nxb5 axb5 15.
Nc3 Qb6 16. Qe2 Ra5 17. O-O O-O 18. Qf3 Rfa8 19. Rd1 Nbc6 20. Ne2 Ra4 21. Kg2
Na5 22. Bc2 Rc4 23. Bd3 Rc6 24. b3 b4 25. Rab1 Rc7 26. Rb2 Rac8 27. Bd2 Nac6
28. Qe3 Na7 29. Rh1 Qa5 30. a4 Nac6 31. Rc2 Qb6 32. Rb2 Na5 33. Rh3 Qc6 34.
Bxb4 Nc4 35. bxc4 1-0

[Event "OLNO 1718 SC Rotation Pankow - LOK RAW"]
[Site "?"]
[Date "2018.04.15"]
[Round "9.5"]
[White "Kirst, Julia"]
[Black "Seils, Joerg"]
[Result "0-1"]
[WhiteElo "1951"]
[BlackElo "2315"]
[PlyCount "108"]
[EventDate "2018.??.??"]

1. Nf3 d5 2. g3 Nf6 3. Bg2 e6 4. O-O Be7 5. d3 c5 6. Nbd2 Nc6 7. e4 b6 8. e5
Nd7 9. Qe2 Qc7 10. Re1 Bb7 11. c4 dxc4 12. dxc4 O-O-O 13. Nf1 h6 14. b3 g5 15.
Bb2 Nf8 16. Rad1 Ng6 17. h3 Rxd1 18. Rxd1 Rd8 19. Rxd8+ Qxd8 20. N1h2 Bf8 21.
Ng4 Bg7 22. Kh2 Nb4 23. Bc1 Qd3 24. Qxd3 Nxd3 25. Be3 Bxf3 26. Bxf3 Ndxe5 27.
Nxe5 Nxe5 28. Be2 Nc6 29. Kg2 Bd4 30. Bd2 Kd7 31. Bd3 Kd6 32. Kf1 f5 33. Kg2
Ke7 34. Kf1 Kf6 35. Kg2 Ne5 36. Be2 Nf7 37. f3 Nd6 38. g4 Nf7 39. Bd3 Ne5 40.
Be2 Ng6 41. Kf1 Ke5 42. Bd3 Bb2 43. Bc2 Ne7 44. Ke2 Kd4 45. Bb1 f4 46. Be4 Nc8
47. Bg6 Bc3 48. Bc1 Nd6 49. Bh7 e5 50. Bc2 e4 51. Bb1 e3 52. Bc2 Ba1 53. Bg6
Kc3 54. Bh7 Bb2 0-1

[Event "OLNO 1718 SC Rotation Pankow - LOK RAW"]
[Site "?"]
[Date "2018.04.15"]
[Round "9.6"]
[White "Bruchmann, Stephan"]
[Black "Lehmann, Alexander"]
[Result "1-0"]
[WhiteElo "2230"]
[BlackElo "1996"]
[PlyCount "61"]
[EventDate "2018.??.??"]

1. e4 e6 2. d4 d5 3. Nc3 Nf6 4. e5 Nfd7 5. f4 c5 6. Nf3 Nc6 7. Be3 Be7 8. Qd2
O-O 9. Nd1 b6 10. c3 f6 11. Bb5 Qc7 12. O-O a6 13. Bd3 a5 14. Rc1 Ba6 15. Bxa6
Rxa6 16. f5 fxe5 17. fxe6 Nf6 18. dxe5 Nxe5 19. Bf4 Nxf3+ 20. Rxf3 Qc6 21. Qe2
Ra7 22. Nf2 Bd6 23. Bg5 Be7 24. Re1 Re8 25. Bxf6 Bxf6 26. Ng4 Bh4 27. g3 Bd8
28. Qe5 Rae7 29. Qf5 h6 30. Qg6 Rxe6 31. Rxe6 1-0

[Event "OLNO 1718 SC Rotation Pankow - LOK RAW"]
[Site "?"]
[Date "2018.04.15"]
[Round "9.7"]
[White "Hering, Sven"]
[Black "Mueller, Michael"]
[Result "0-1"]
[WhiteElo "1967"]
[BlackElo "2273"]
[PlyCount "66"]
[EventDate "2018.??.??"]

1. e4 e6 2. Nc3 d5 3. Nf3 dxe4 4. Nxe4 Nd7 5. d4 Ngf6 6. Nxf6+ Nxf6 7. Bd3 Be7
8. O-O O-O 9. Ne5 c5 10. Be3 Nd5 11. Qe2 cxd4 12. Bxd4 Nf4 13. Qe4 Nxd3 14.
Nxd3 Qc7 15. Rfe1 Rd8 16. Rad1 Bd7 17. Ne5 Be8 18. Qg4 Bf6 19. Nc6 Bxd4 20.
Nxd8 Bb6 21. Nxe6 fxe6 22. Qxe6+ Bf7 23. Qf5 Rf8 24. Rd7 Qc4 25. Ree7 Qxa2 26.
h3 Qc4 27. Rxb7 g6 28. Qf3 Bd4 29. c3 Bd5 30. cxd4 Rxf3 31. Rg7+ Kf8 32. gxf3
Bxb7 33. Rxb7 Qxd4 0-1

[Event "OLNO 1718 SC Rotation Pankow - LOK RAW"]
[Site "?"]
[Date "2018.04.15"]
[Round "9.8"]
[White "Boetzer, Detlef"]
[Black "Loerke, Reinhard"]
[Result "1-0"]
[WhiteElo "2215"]
[BlackElo "1935"]
[PlyCount "53"]
[EventDate "2018.??.??"]

1. d4 d5 2. Nf3 Nf6 3. e3 e6 4. c4 c5 5. cxd5 exd5 6. Be2 b6 7. O-O Bd6 8. b3
O-O 9. Bb2 Be6 10. Nc3 a6 11. Rc1 c4 12. bxc4 dxc4 13. d5 Nxd5 14. Nxd5 Bxd5
15. Qd4 Qf6 16. Qxd5 Qxb2 17. Bxc4 b5 18. Bb3 Qf6 19. Qxa8 Nd7 20. Rc8 Nc5 21.
Rxf8+ Bxf8 22. Qd5 h6 23. Ne5 Ne6 24. Rc1 Qe7 25. Nxf7 Qa3 26. Nxh6+ Kh7 27.
Rd1 1-0